000 00626nam a2200253Ia 4500
003 OSt
005 20221005123946.0
006 a|||||r|||| 00| 0
007 ta
008 221004b |||||||| |||| 00| 0 mal d
024 _a54760
037 _cTextual
040 _aCRL
_cCRL
_bmal
041 _2mal
_amal
082 _aO32,1M93x, J6
100 _aRaja K.K.
245 0 _aMannum vinnum
260 _c1976
300 _a54p.
_ccm.
650 _a MALAYALAM POETRY
_9185636
650 _aMALAYALAM LITERATURE
_938866
942 _hO32,1M93x, J6
_cTEXL
_2cc
999 _c1049057
_d1049057